№ 1; Тяжелое машиностроение

Dettagli Bibliografici
Parent link:Тяжелое машиностроение: научно-технический и производственный журнал/ Центральный научно-исследовательский институт технологии и машиностроения (ЦНИИТМАШ). № 1.— , 1990-
Lingua:russo
Pubblicazione: 2013
Natura: MixedMaterials Libro
KOHA link:https://koha.lib.tpu.ru/cgi-bin/koha/opac-detail.pl?biblionumber=506098

MARC

LEADER 00000nam2a2200000 4500
001 506098
005 20231101103142.0
035 |a (RuTPU)RU\TPU\prd\176962 
090 |a 506098 
100 |a 20130430a19559999k y0rusy50 ca 
101 0 |a rus 
102 |a RU 
200 0 |a № 1 
210 |d 2013 
461 1 |0 (RuTPU)RU\TPU\prd\391  |t Тяжелое машиностроение  |o научно-технический и производственный журнал  |f Центральный научно-исследовательский институт технологии и машиностроения (ЦНИИТМАШ)  |v № 1  |d 1990- 
801 0 |a RU  |b 63413507  |c 20010227  |g PSBO 
801 1 |a RU  |b 63413507  |c 20130430 
801 2 |a RU  |b 63413507  |c 20230622  |g RCR 
942 |c BK 
999 |a НТБ_ТПУ  |b НФ  |e -1/20130109  |p П-5949  |s 5/20121010  |u 0,00  |v 1